000 00588nam a2200169 i 4500
001 42339
003 ES-MaACL
005 20231204171252.0
007 t|
008 030313m19211924sp ||||1| spa d
100 1 _aCejador y Frauca, Julio,
_d1864-1927
_937333
245 1 3 _aLa verdadera poesía castellana
_b: floresta de la antigua lírica popular /
_crecogida y estudiada por Julio Cejador y Franca.
260 _aMadrid :
_bRevista de Archivos, Bibliotecas y Museos,
_c1921-1924.
300 _a5 v. ;
_c19 cm.
852 _aES-MaACL
_jF-7192-7196
999 _c42339
_d42339